• 首页
  • 本馆介绍
  • 公告通知
  • 最新文献
  • 馆藏检索
  • 电子资源
  • 读者导购
  • 参考咨询
  • 我的图书馆
  • 登录
  • 详细信息显示
  • 放入我的书架
  • 预约/预借图书
  • 作者相关作品
  • 分类相关作品
  • 丛书相关作品
  • 出版社相关作品

书目信息

  • 表格格式
  • 工作单格式
  • 卡片格式
题名:
创业资本产权缺损与制度创新研究
    
 
作者: 尹国俊 著
分册:  
出版信息: 北京   兵器工业出版社  2012
页数: 296页
开本: 24cm
丛书名:
单 册:
中图分类: F275.1
科图分类:
主题词: 企业管理--资本经营--研究 , 企业管理 , 资本经营
电子资源:
ISBN: 978-7-80248-756-7
000 01033nam0 22002651 450
001 524
005 20140909092410.76
010    @a978-7-80248-756-7@dCNY58.00
100    @a20130119d2012 em y0chiy50 ea
101 0  @achi
102    @aCN@b110000
105    @ay z 000yy
106    @ar
200 1  @a创业资本产权缺损与制度创新研究@AChuang Ye Zi Ben Chan Quan Que Sun Yu Zhi Du Chuang Xin Yan Jiu@dProperty rights insufficiency of venture capital and institutional creation@f尹国俊著@FYin Guo Jun Zhu@zeng
210    @a北京@c兵器工业出版社@d2012
215    @a296页@d24cm
330    @a本书采取规范研究方法、归纳与演绎研究方法、比较分析方法、案例分析方法等多种研究方法对我国创业资本进行了系统的研究。
510 1  @aProperty rights insufficiency of venture capital and institutional creation@zeng
606 0  @a企业管理@x资本经营@x研究
606 0  @a企业管理
606 0  @a资本经营
690    @aF275.1@v5
701  0 @a尹国俊@AYin Guo Juan@f(1969~)@4著
801  0 @aCN@bTANGWEI@c20140603
905    @b0837216-18@dF275.1@e1093@f3
    
    创业资本产权缺损与制度创新研究=Property rights insufficiency of venture capital and institutional creation/尹国俊著.-北京:兵器工业出版社,2012
    296页;24cm
    
    
    ISBN 978-7-80248-756-7:CNY58.00
    本书采取规范研究方法、归纳与演绎研究方法、比较分析方法、案例分析方法等多种研究方法对我国创业资本进行了系统的研究。
●
相关链接 在E读中查询图书 在五车中查询图书 在当当中查询图书 在豆瓣中查询图书


正题名:创业资本产权缺损与制度创新研究     索取号:F275.1/1093         预约/预借

序号 登录号 条形码 馆藏地/架位号 状态 备注
1 0837216   208372161   第一样本阅览室/ [索取号:F275.1/1093] 在馆    
2 0837217   208372170   密集书库-海洋学院/ [索取号:F275.1/1093] 在馆    
3 0837218   208372189   第一借阅区/ [索取号:F275.1/1093] 在馆    
唐山师范学院图书馆 欢迎您!
大连网信软件有限公司© 版权所有